NBA Teams By Best Player 2023 - Statistics

General Stats
  • This quiz has been taken 486 times
  • The average score is 26 of 30
Answer Stats
Hint Answer % Correct
Boston Jayson Tatum
99%
Atlanta Trae Young
98%
Charlotte Lamelo Ball
97%
Denver Nikola Jokic
97%
Dallas Luka Doncic
96%
Milwaukee Giannis Antetokounmpo
95%
Los Angeles Lakers Lebron James
95%
Golden State Stephen Curry
95%
Cleveland Donovan Mitchell
92%
Memphis Ja Morant
92%
Miami Jimmy Butler
92%
Los Angeles Clippers Kawhi Leonard
92%
Minnesota Anthony Edwards
90%
Chicago Demar Derozan
90%
Phoenix Devin Booker
89%
Philadelphia Joel Embiid
89%
New Orleans Zion Williamson
89%
Detroit Cade Cunningham
86%
Brooklyn Mikal Bridges
86%
Oklahoma Shai Gilgeous-Alexander
86%
Indianna Tyrese Haliburton
85%
Sacramento De'Aaron Fox
83%
New York Julius Randle
79%
Orlando Paolo Banchero
78%
Washington Jordan Poole
77%
Utah Lauri Markkanen
74%
Toronto Pascal Siakam
74%
San Antonio Victor Wembanyama
67%
Portland Anfrenee Simons
59%
Houston Alpren Sengun
52%
No matching quizzes found
Score Distribution
Percent of People with Each Score
Percentile by Number Answered
Your Score History
You have not taken this quiz